Statistiken für Schweizer WM-Kader 2022

Klicken Sie hier um das Quiz zu spielen!

Allgemein

  • Dieses Quiz wurde 272 mal gespielt
  • Das Durchschnittsergebnis liegt bei 17 aus 27

Antwortstatistiken

#SpielpositionVereinSpieler% Korrekt
1TorFC BayernYann Sommer
100%
21TorBorussia DortmundGregor Kobel
93%
5AbwehrManchester CityManuel Akanji
91%
10MittelfeldFC ArsenalGranit Xhaka
87%
7SturmAS MonacoBreel Embolo
80%
4AbwehrBorussia MönchengladbachNico Elvedi
76%
23SturmChicago Fire FCXherdan Shaqiri
76%
22AbwehrNewcastle UnitedFabian Schär
74%
15MittelfeldEintracht FrankfurtDjibril Sow
72%
12TorBorussia MönchengladbachJonas Omlin
72%
6MittelfeldFC ChelseaDenis Zakaria
69%
17SturmFC AugsburgRuben Vargas
68%
13AbwehrFC TurinRicardo Rodriguez
66%
19SturmRB SalzburgNoah Okafor
63%
8MittelfeldNottingham ForestRemo Freuler
62%
3Abwehr1. FSV Mainz 05Silvan Widmer
62%
9SturmCelta VigoHaris Seferovic
59%
-Nationaltrainer-Murat Yakin
57%
20MittelfeldFC Basel 1893Fabian Frei
52%
11SturmFC LuganoRenato Steffen
51%
16MittelfeldBSC Young BoysChristian Fassnacht
48%
25MittelfeldBSC Young BoysFabian Rieder
43%
2Abwehr1. FSV Mainz 05Edimilson Fernandes
42%
24TorRB SalzburgPhilipp Köhn
42%
18AbwehrFC ValenciaEray Cömert
41%
26MittelfeldFC LuzernArdon Jashari
39%
14MittelfeldFC BolognaMichel Aebischer
35%

Verteilung der Resultate

Perzentil nach korrekt beantworteten Fragen

Anzahl Personen mit jedem Resultat

Ihre Resultats-Entwicklung

Sie haben dieses Quiz noch nicht gespielt